000 00230nam a2200097Ia 4500
008 131103s9999 xx 000 0 und d
040 _aLoreto College
041 _aEnglish
245 _aElementary of social psychology
942 _cBK
999 _c22779
_d73258